Праксис (Запись № 11512381)

Подробности
000 -МАРКЕР
контрольное поле 01338nas1a22003371i 4500
001 - ИДЕНТИФИКАТОР ЗАПИСИ
контрольное поле RU\NLR\BIBL_A\012023239
005 - ИДЕНТИФИКАТОР ВЕРСИИ
контрольное поле 20260407092609.0
011 ## - МЕЖДУНАРОДНЫЙ СТАНДАРТНЫЙ НОМЕР СЕРИАЛЬНОГО ИЗДАНИЯ (ISSN)
Номер (ISSN) 2658-6517
035 ## - ДРУГИЕ СИСТЕМНЫЕ НОМЕРА
Идентификатор записи (NLR Aleph) 012023239
100 ## - ДАННЫЕ ОБЩЕЙ ОБРАБОТКИ
Данные общей обработки 20190527a20199999|||y0rusy50 ca
101 0# - ЯЗЫК РЕСУРСА
Язык текста, звукозаписи и т.д. русский
102 ## - СТРАНА ПУБЛИКАЦИИ ИЛИ ПРОИЗВОДСТВА
Страна публикации российская федерация
110 ## - ПОЛЕ КОДИРОВАННЫХ ДАННЫХ: ПРОДОЛЖАЮЩИЕСЯ РЕСУРСЫ
Кодированные данные продолжающегося ресурса ajuzz 0|y|
200 1# - ЗАГЛАВИЕ И СВЕДЕНИЯ ОБ ОТВЕТСТВЕННОСТИ
Основное заглавие Праксис
Сведения, относящиеся к заглавию научный журнал Московской духовной академии
207 #0 - ОБЛАСТЬ СПЕЦИФИЧЕСКИХ СВЕДЕНИЙ: НУМЕРАЦИЯ ПРОДОЛЖАЮЩИХСЯ РЕСУРСОВ
Нумерация: даты и обозначения томов 2019, вып. 1 -
210 ## - ПУБЛИКАЦИЯ, РАСПРОСТРАНЕНИЕ И ДР.
Место издания, распространения и т.д. Сергиев Посад
Имя издателя, распространителя и т. д. Изд-во Московской духовной академии
Дата издания, распространения и т.д. 2019 -
510 1# - ПАРАЛЛЕЛЬНОЕ ЗАГЛАВИЕ
Параллельное заглавие Praxis
Язык заглавия английский
606 1# - НАИМЕНОВАНИЕ ТЕМЫ КАК ПРЕДМЕТ
Наименование темы Христианство
Формальный подзаголовок Периодические издания
Тематический подзаголовок История
Системный номер авторитетной/нормативной записи 892568
Идентификатор авторитетной/нормативной записи RU\NLR\AUTH\66323125
606 ## - НАИМЕНОВАНИЕ ТЕМЫ КАК ПРЕДМЕТ
Наименование темы Богословие православное
Формальный подзаголовок Периодические издания
Системный номер авторитетной/нормативной записи 1149609
Идентификатор авторитетной/нормативной записи RU\NLR\AUTH\66140438
686 2# - ИНДЕКСЫ ДРУГИХ КЛАССИФИКАЦИЙ
Индекс Э37-3я54
686 2# - ИНДЕКСЫ ДРУГИХ КЛАССИФИКАЦИЙ
Индекс Э372.24-4я54
711 02 - НАИМЕНОВАНИЕ ОРГАНИЗАЦИИ - АЛЬТЕРНАТИВНАЯ ОТВЕТСТВЕННОСТЬ
Начальный элемент ввода Московская духовная академия
Идентифицирующий признак Сергиев Посад
Идентификатор авторитетной/нормативной записи RU\NLR\AUTH\8810050509
Системный номер авторитетной/нормативной записи 601157
852 ## - МЕСТОНАХОЖДЕНИЕ И ШИФР ХРАНЕНИЯ
Идентификатор организации NLR
Шифр хранения (Call Number) П37/346
942 ## - ДОПОЛНИТЕЛЬНЫЕ ЭЛЕМЕНТЫ ЗАПИСИ (АБИС)
Тип экземпляра АБИС Журнал
980 ## - КОЛЛЕКЦИЯ
Название коллекции Русская периодика

Нет доступных экземпляров.